Doing social research (Record no. 15850)
[ view plain ]
| 000 -LEADER | |
|---|---|
| fixed length control field | 00387nam a22001457a 4500 |
| 020 ## - INTERNATIONAL STANDARD BOOK NUMBER | |
| International Standard Book Number | 0070034532 |
| 082 ## - DEWEY DECIMAL CLASSIFICATION NUMBER | |
| Classification number | 300.72BAK |
| 100 ## - MAIN ENTRY--PERSONAL NAME | |
| Personal name | Baker, Therese L. |
| 9 (RLIN) | 719 |
| 245 ## - TITLE STATEMENT | |
| Title | Doing social research |
| 260 ## - PUBLICATION, DISTRIBUTION, ETC. | |
| Place of publication, distribution, etc. | New york |
| Name of publisher, distributor, etc. | McGraw- Hill |
| Date of publication, distribution, etc. | 1988 |
| 300 ## - PHYSICAL DESCRIPTION | |
| Extent | xxvi,483p.;ill.:25cm. |
| 500 ## - GENERAL NOTE | |
| General note | Include Appendix, Reference, Glossary and Index |
| 650 ## - SUBJECT ADDED ENTRY--TOPICAL TERM | |
| Topical term or geographic name entry element | Social research |
| 9 (RLIN) | 99 |
| 942 ## - ADDED ENTRY ELEMENTS (KOHA) | |
| Koha item type | Books |
| Withdrawn status | Lost status | Damaged status | Not for loan | Collection code | Home library | Current library | Shelving location | Date acquired | Total Checkouts | Full call number | Barcode | Date last seen | Price effective from | Koha item type |
|---|---|---|---|---|---|---|---|---|---|---|---|---|---|---|
| Non-fiction | IFM Main Campus Library | IFM Main Campus Library | Archival Collection | 09/08/2021 | 300.72BAK | 0000000200 | 03/31/2016 | 02/19/2022 | Books |
